Normal view
MARC view
- Abbey, Staton .
Entry Personal Name
001 - CONTROL NUMBER
- control field: 1491
003 - CONTROL NUMBER IDENTIFIER
- control field: OSt
005 - DATE AND TIME OF LATEST TRANSACTION
- control field: 20160924151853.0
008 - FIXED-LENGTH DATA ELEMENTS
- fixed length control field: 160924|| aca||aabn | a|a d
040 ## - CATALOGING SOURCE
- Original cataloging agency: OSt
- Transcribing agency: OSt
100 ## - HEADING--PERSONAL NAME
- Personal name: Abbey, Staton .
670 ## - SOURCE DATA FOUND
- Source citation: Work cat.: (OSt)6744: Abbey, Staton ., Book of the Fordson Tractor / , 1954.
